00544nam a2200169 a 450000100100000000500170001000800410002702000150006804000250008310000230010824501120013126000280024330000350027150000210030670000250032770000220035200003427520200930073620.0110929s2003 es 000 0 spa d a8466203877 aDO-SdBNPbspacBNPHU1 aHalbertsma, Hidde.10aEnciclopedia de las antigüedades /cHidde Halbertsma; traducción, José Luis Tamayo e Inés Martín. aMadrid :bLibsa,c2003. a346 p. :bil., retrs ;c24 cm.1 aIncluye índice1 aTamayo, José Luis,1 aMartín, Inés,